[Event "Challenge"]
[Site "http://www.queenalice.com/game.php?id=1822261"]
[Date "2023.10.3"]
[Round "-"]
[White "Renie"]
[Black "mdfran72"]
[Result "0-1"]
[WhiteElo "1464"]
[BlackElo "1617"]

1. c4 c5 2. Nc3 e6 3. Nf3 d5 4. cxd5 exd5 5. g3 d4 6. Ne4 f5 7. Nxc5 Bxc5 8. d3
Nc6 9. a3 Nh6 10. b4 Bd6 11. Bb2 b5 12. Nxd4 Nxd4 13. Bxd4 O-O 14. Bb2 Bb7 15.
Qb3+ Rf7 16. Rg1 Bf8 17. e3 Bd5 18. Qc3 Bf3 19. d4 a6 20. Rc1 Ng4 21. Bg2 Qd5
22. Bh3 Nxh2 23. Kd2 Bg4 24. Rg2 Nf3+ 25. Kc2 Bxh3 26. Qc5 Qxc5+ 27. dxc5 Bxg2
28. Rd1 Ne5 29. Bxe5 Be4+ 30. Kc3 Re8 31. Bd4 g6 32. Kb2 Bg7 33. Bxg7 Kxg7 34.
Rd6 Ra8 35. Kc3 a5 36. Rb6 Rb7 37. Rxb7+ Bxb7 38. Kd4 a4 39. Ke5 Rd8 40. Ke6 Kf8
41. Kf6 Bc6 42. Kg5 Kg7 43. Kf4 h5 44. Kg5 Rd3 45. Kh4 Rxa3 46. e4 fxe4 47. Kg5
e3 48. fxe3 Rxe3 49. Kh4 a3 0-1

[Event "Challenge"]
[Site "http://www.queenalice.com/game.php?id=1823160"]
[Date "2023.10.17"]
[Round "-"]
[White "AntoniusBlock"]
[Black "mdfran72"]
[Result "1/2-1/2"]
[WhiteElo "1366"]
[BlackElo "1627"]

1. d4 d5 2. g3 e6 3. Nf3 Be7 4. Bf4 f5 5. Ne5 Nf6 6. Nc3 Ne4 7. Nxe4 dxe4 8. Qd2
Nd7 9. Nxd7 Bxd7 10. O-O-O c5 11. e3 b5 12. d5 c4 13. Qe2 exd5 14. Rxd5 Qa5 15.
c3 Qxa2 16. Bg2 O-O-O 17. Qh5 g6 18. Qh6 Bc6 19. Rxd8+ Kxd8 20. Qg7 Rf8 21. Qxh7
Rf6 22. Rd1+ Ke8 23. Be5 Rf7 24. Qg8+ Bf8 25. Rd6 Qa1+ 26. Kc2 Qa4+ 27. Kb1 Bd7
28. Qxg6 Bxd6 29. Bxd6 Qd1+ 30. Ka2 Qg4 31. Qh6 Qg7 32. Qf4 Rf6 33. Qe5+ Kf7 34.
Qe7+ Kg6 35. Qe5 Re6 36. Qf4 Qf6 37. h4 Rxd6 38. Bh3 Kf7 39. g4 fxg4 40. Qg3
gxh3 41. h5 Qh6 42. Qe5 Re6 43. Qf5+ Ke7 44. Qc5+ Rd6 45. Qe5+ Re6 46. Qc5+ Rd6
47. Qe5+ Re6 48. Qc5+ Rd6 49. Qe5+ Re6 1/2-1/2

[Event "Challenge"]
[Site "http://www.queenalice.com/game.php?id=1823315"]
[Date "2023.10.18"]
[Round "-"]
[White "WLAO"]
[Black "mdfran72"]
[Result "0-1"]
[WhiteElo "1450"]
[BlackElo "1650"]

1. e4 e5 2. Bc4 Nf6 3. d3 d5 4. exd5 Nxd5 5. Qh5 Qd6 6. Nf3 g6 7. Qh4 Be7 8. Qh6
Bf8 9. Qg5 Bg7 10. Nbd2 c6 11. Ne4 Qe6 12. Nc5 Qd6 13. Ne4 Qe6 14. Nc5 Qd6 15.
Nxb7 Bxb7 16. Bd2 f6 17. Qg3 Nd7 18. O-O Nf4 19. Bxf4 exf4 20. Qh4 g5 21. Qh5+
Kd8 22. Qf7 Qf8 23. Qxf8+ Bxf8 24. Rae1 c5 25. a3 Bxf3 26. gxf3 Ne5 27. Bb5 a6
28. Ba4 h5 29. Kg2 g4 30. fxg4 hxg4 31. Re4 f3+ 32. Kg1 Bd6 33. Rf4 Ke7 34. Bb3
Ng6 35. Rxg4 Nh4 36. Re1+ Be5 37. Rg7+ Kd6 38. c3 f5 39. d4 Bxg7 40. dxc5+ Kxc5
41. Bc2 Kc4 42. Rd1 Rad8 43. Rc1 Bh6 44. Re1 Rhe8 45. Ra1 Bd2 46. b3+ Kxc3 47.
Bxf5 Nxf5 48. h3 Re1+ 49. Rxe1 Bxe1 50. b4 Rd2 51. Kf1 Bxf2 52. h4 Ne3# 0-1

[Event "AUTO-INT-3851"]
[Site "http://www.queenalice.com/game.php?id=1824662"]
[Date "2023.11.5"]
[Round "1"]
[White "kamikaze"]
[Black "mdfran72"]
[Result "1-0"]
[WhiteElo "1664"]
[BlackElo "1677"]

1. d4 g6 2. c4 Bg7 3. Nc3 Nh6 4. Nf3 O-O 5. e3 d6 6. Be2 Bg4 7. Bd2 c5 8. d5 Nd7
9. O-O f5 10. Ng5 Bxe2 11. Qxe2 Qe8 12. Rab1 Nf7 13. Ne6 Nd8 14. Nxg7 Qf7 15.
Ne6 Nxe6 16. dxe6 Qxe6 17. b3 a6 18. Nd5 Nf6 19. Nc7 Qc8 20. Nxa8 Qxa8 21. Bc3
Ne4 22. Bb2 Qd8 23. f3 Nf6 24. Rbd1 h5 25. Bxf6 Rxf6 26. e4 fxe4 27. Qxe4 Qd7
28. Rfe1 e5 29. Qxe5 Re6 30. Qxe6+ Qxe6 31. Rxe6 Kg7 32. Rexd6 Kh6 33. Rb6 Kg5
34. Rxb7 h4 35. Rd5+ Kf4 36. Rxc5 g5 37. Rg7 Ke3 38. Rgxg5 Kd2 39. Kf2 Kc2 40.
Ra5 Kb2 41. c5 Ka1 42. c6 Kb2 43. c7 Ka1 44. c8=Q Kb2 45. Qc4 Kb1 46. Rge5 Kb2
47. Qd4+ Kc1 48. Re2 Kb1 49. Qd1# 1-0

[Event "AUTO-INT-3851"]
[Site "http://www.queenalice.com/game.php?id=1824663"]
[Date "2023.11.5"]
[Round "1"]
[White "mdfran72"]
[Black "kamikaze"]
[Result "1-0"]
[WhiteElo "1662"]
[BlackElo "1775"]

1. e4 e6 2. c4 c5 3. d3 Nc6 4. Ne2 e5 5. Nbc3 Nf6 6. Bg5 Be7 7. Nd5 d6 8. Qa4
O-O 9. f4 Nxd5 10. cxd5 Bxg5 11. fxg5 Nb4 12. O-O-O Qxg5+ 13. Kb1 Qe3 14. Qb3
Bg4 15. Re1 Qxd3+ 16. Qxd3 Nxd3 17. h3 Nxe1 18. hxg4 Nd3 19. Ng3 Nf4 20. Nf5
Rad8 21. g3 Ng6 22. g5 a6 23. Bh3 b5 24. b3 f6 25. gxf6 Rxf6 26. Rf1 Rdf8 27.
Kb2 R8f7 28. g4 Nf4 29. Rf3 Nxh3 30. Rxh3 Rg6 31. Rg3 Kf8 32. a4 bxa4 33. bxa4
Rb7+ 34. Ka3 Rb4 35. Re3 a5 36. g5 Ke8 37. Rh3 Kd7 38. Rxh7 1-0

[Event "AUTO-INT-3851"]
[Site "http://www.queenalice.com/game.php?id=1824676"]
[Date "2023.11.5"]
[Round "1"]
[White "carlitomontana93270"]
[Black "mdfran72"]
[Result "0-1"]
[WhiteElo "1392"]
[BlackElo "1658"]

1. c4 g6 2. d4 Bg7 3. e3 Nh6 4. g3 Nc6 5. Bg2 O-O 6. Nf3 e5 7. dxe5 Nxe5 8. Nbd2
Nd3+ 9. Ke2 Nxc1+ 10. Qxc1 Qf6 11. Rb1 c5 12. Re1 d6 13. Kf1 Bg4 14. b3 Bf5 15.
e4 Bg4 16. h3 Bxf3 17. Nxf3 Rae8 18. Qg5 Qe7 19. Qxe7 Rxe7 20. Rbd1 Rd8 21. Rd2
Bc3 22. Rde2 Bxe1 23. Kxe1 f5 24. Ng5 Nf7 25. Nf3 Rde8 26. Nd2 Ne5 27. exf5 gxf5
28. Bd5+ Kf8 29. Kf1 b6 30. Kg2 a5 31. f4 Nd3 32. Rxe7 Rxe7 33. Kf3 Re1 0-1

[Event "AUTO-INT-3851"]
[Site "http://www.queenalice.com/game.php?id=1824677"]
[Date "2023.11.5"]
[Round "1"]
[White "mdfran72"]
[Black "carlitomontana93270"]
[Result "1-0"]
[WhiteElo "1663"]
[BlackElo "1412"]

1. d4 e6 2. e4 c5 3. e5 Nc6 4. Nf3 cxd4 5. Nxd4 g6 6. Nxc6 bxc6 7. Nc3 Bg7 8. f4
Nh6 9. Qd6 Nf5 10. Qd2 O-O 11. g4 Ne7 12. Ne4 Nd5 13. c4 Nb6 14. g5 Ba6 15. Nf6+
Bxf6 16. gxf6 Bxc4 17. Bxc4 Nxc4 18. Qd3 Qa5+ 19. Bd2 Nxd2 20. Qxd2 Qxd2+ 21.
Kxd2 Rab8 22. b3 Rb4 23. Ke3 Rfb8 24. Rhd1 R8b7 25. h4 R4b5 26. Rd4 Rd5 27. Rad1
Rbb5 28. R1d3 Rxd4 29. Rxd4 Rd5 30. Ra4 a5 31. Kf3 h5 32. Ke4 Kf8 33. b4 axb4
34. Rxb4 Rb5 35. Rxb5 cxb5 36. Kd4 b4 37. Kc4 Ke8 38. Kxb4 Kd8 39. Kc5 Kc7 40.
a4 1-0

[Event "AUTO-INT-3851"]
[Site "http://www.queenalice.com/game.php?id=1824684"]
[Date "2023.11.5"]
[Round "1"]
[White "ricardoguevara"]
[Black "mdfran72"]
[Result "0-1"]
[WhiteElo "1608"]
[BlackElo "1635"]

1. e4 e5 2. Nf3 d6 3. Bc4 Nf6 4. O-O Nxe4 5. d3 Nc5 6. Ng5 Be6 7. Bxe6 Nxe6 8.
Nxe6 fxe6 9. Qh5+ g6 10. Qg4 Qe7 11. Bg5 Qf7 12. Nc3 Be7 13. Bxe7 Qxe7 14. d4
exd4 15. Qxd4 O-O 16. Ne4 e5 17. Qd5+ Kg7 18. Rae1 Nc6 19. Qb3 b6 20. Qg3 Nd4
21. Ng5 Nxc2 22. Re2 Nd4 23. Qh4 h6 24. Ne4 Qxh4 25. Ng3 Nxe2+ 26. Nxe2 Rf7 27.
Ng3 Raf8 28. f3 Qd4+ 29. Kh1 Qxb2 30. h4 h5 31. a4 Rf4 32. Ne4 d5 33. Ng5 Re8
34. Kh2 Rxh4+ 35. Kg3 Rxa4 36. Rd1 d4 37. Ne4 Qc2 38. Rd2 Qc1 39. Rf2 Qf4+ 40.
Kh3 h4 41. Rf1 d3 0-1

[Event "AUTO-INT-3851"]
[Site "http://www.queenalice.com/game.php?id=1824685"]
[Date "2023.11.5"]
[Round "1"]
[White "mdfran72"]
[Black "ricardoguevara"]
[Result "1-0"]
[WhiteElo "1617"]
[BlackElo "1655"]

1. d4 Nf6 2. e3 d5 3. Nc3 Nc6 4. Bb5 Bf5 5. Bxc6+ bxc6 6. Nf3 Qd6 7. Ne5 Qe6 8.
h3 g6 9. f3 Bg7 10. g4 Bxg4 11. fxg4 O-O 12. Qf3 a5 13. a4 Rab8 14. g5 Nh5 15.
Bd2 f6 16. gxf6 exf6 17. Nd3 Rbe8 18. O-O-O f5 19. Rde1 c5 20. Nxc5 Qe7 21. Nxd5
Qg5 22. Nxc7 f4 23. Nxe8 Rxe8 24. e4 Bxd4 25. Nd3 Rb8 26. c3 Bf6 27. Bxf4 Qb5
28. axb5 Rxb5 29. e5 Be7 30. c4 Rb3 31. Qd5+ Kg7 32. c5 Nxf4 33. Nxf4 a4 34.
Ne6+ Kh6 35. Qd2+ Bg5 36. Nxg5 Kg7 37. Rhf1 1-0

[Event "Covenant eyes"]
[Site "http://www.queenalice.com/game.php?id=1825442"]
[Date "2023.11.18"]
[Round "-"]
[White "mdfran72"]
[Black "AntoniusBlock"]
[Result "1-0"]
[WhiteElo "1669"]
[BlackElo "1392"]

1. g3 b6 2. Bg2 Nc6 3. Nh3 Bb7 4. O-O e6 5. e4 Qe7 6. d4 O-O-O 7. e5 d5 8. Be3
g6 9. f4 f5 10. Nc3 Ba6 11. Ne2 Qd7 12. c3 Na5 13. b3 Nb7 14. Re1 c5 15. dxc5
Nxc5 16. Bxc5 Bxc5+ 17. Nd4 Qc7 18. Kh1 Nh6 19. Nxe6 Qc6 20. Nxd8 Rxd8 21. Bf3
Qe6 22. Ng5 Qe7 23. Qc2 Ng4 24. Bxg4 fxg4 25. e6 Bb7 26. h4 d4+ 27. Kh2 d3 28.
Qd2 Rf8 29. Qxd3 Rd8 30. Qe2 Rd5 31. Qxg4 Rd3 32. c4 Bf2 33. Ne4 Bxe1 34. Rxe1
Qb4 35. Re2 Rd4 36. e7+ Kc7 37. e8=Q Rxe4 38. Qgd7# 1-0

[Event "but Slim what if u win "]
[Site "http://www.queenalice.com/game.php?id=1826636"]
[Date "2023.12.6"]
[Round "-"]
[White "AntoniusBlock"]
[Black "mdfran72"]
[Result "1/2-1/2"]
[WhiteElo "1387"]
[BlackElo "1674"]

1. d4 d5 2. g3 b5 3. b4 e6 4. e3 c6 5. Bg2 Bxb4+ 6. c3 Bd6 7. Ba3 a5 8. Bxd6
Qxd6 9. Nf3 f6 10. O-O Nd7 11. Qd3 a4 12. a3 Ne7 13. Nbd2 e5 14. Rfe1 e4 15.
Nxe4 dxe4 16. Qxe4 O-O 17. Bf1 g5 18. c4 bxc4 19. Bxc4+ Nd5 20. Qc2 Ba6 21. e4
Bxc4 22. Qxc4 Nb6 23. Qc5 Qxc5 24. dxc5 Nd7 25. exd5 cxd5 26. Red1 Nxc5 27. Rxd5
Nb3 28. Re1 Rfd8 29. Rf5 Kg7 30. h4 g4 31. Nh2 Kg6 32. Rf4 h5 33. f3 Rd4 34.
fxg4 Rxf4 35. gxf4 hxg4 36. Nxg4 Kf5 37. Nf2 Kxf4 38. Re6 f5 39. h5 Rg8+ 40. Rg6
Rh8 41. h6 Nc5 42. Nh3+ Ke5 43. Ng5 Kd4 44. h7 Kc3 45. Rg8 Rxh7 46. Nxh7 Kb2 47.
Rg5 Kxa3 48. Rxf5 Nb3 49. Nf6 Nd4 50. Rf4 Ne2+ 51. Kf2 Nxf4 52. Ke3 Ne6 53. Ne4
Kb4 54. Kd3 Nc5+ 55. Nxc5 Kxc5 56. Kc2 Kb4 57. Kb2 a3+ 58. Ka2 Ka4 59. Kb1 Kb4
60. Ka2 Ka4 61. Kb1 Kb4 62. Ka2 Ka4 1/2-1/2

[Event "Challenge"]
[Site "http://www.queenalice.com/game.php?id=1827148"]
[Date "2023.12.13"]
[Round "-"]
[White "jogo"]
[Black "mdfran72"]
[Result "1-0"]
[WhiteElo "1945"]
[BlackElo "1683"]

1. e4 g6 2. d4 Bg7 3. Nc3 Nh6 4. f4 O-O 5. Nf3 d6 6. Bd3 Nc6 7. Be3 Ng4 8. Bg1
e5 9. h3 Nh6 10. dxe5 dxe5 11. fxe5 Nxe5 12. Nxe5 Bxe5 13. Qd2 Bg7 14. Be3 f5
15. Bxh6 Bxh6 16. Qxh6 Be6 17. exf5 Bxf5 18. Bxf5 Rxf5 19. Rd1 Qe7+ 20. Kd2 Rd8+
21. Kc1 Rh5 22. Rxd8+ Qxd8 23. Qe3 Qg5 24. Qxg5 Rxg5 25. Rg1 a6 26. Ne4 Rf5 27.
Kd2 Rd5+ 28. Ke3 Kg7 29. c4 Re5 30. Kd4 Rf5 31. Ke3 b6 32. Rd1 h5 33. Rd7+ Kh6
34. Rxc7 h4 35. Rc6 b5 36. cxb5 axb5 37. Rc5 Rxc5 38. Nxc5 g5 39. b4 Kh5 40. Kf3
Kg6 41. Nb7 Kf5 42. Nd6+ Ke5 43. Nxb5 Kd5 44. Nc7+ Kc6 45. Ne6 Kb5 46. a3 Ka4
47. Nxg5 Kxa3 48. b5 Ka4 49. b6 Kb5 50. b7 Kc4 51. b8=Q Kd3 52. Qb3+ Kd4 53.
Qb4+ Ke5 54. Qxh4 Kf6 55. Kf4 Ke7 56. Ke5 Kd7 57. Qd4+ Ke7 58. Qd6+ Ke8 59. Qe6+
Kd8 60. Nf7+ Kc7 61. Qd6+ Kb7 62. Nd8+ Kc8 63. Qe7 Kb8 64. Qb7# 1-0

[Event "Challenge"]
[Site "http://www.queenalice.com/game.php?id=1827150"]
[Date "2023.12.13"]
[Round "-"]
[White "mdfran72"]
[Black "jogo"]
[Result "0-1"]
[WhiteElo "1663"]
[BlackElo "1880"]

1. d4 Nf6 2. f4 d5 3. Nc3 g6 4. Nf3 Bg7 5. e3 O-O 6. Ne5 c6 7. Be2 Nbd7 8. Nxd7
Bxd7 9. b4 a6 10. a4 b5 11. a5 Kh8 12. O-O Kg8 13. Qe1 Kh8 14. Bf3 Re8 15. e4
dxe4 16. Nxe4 Nxe4 17. Bxe4 Bxd4+ 18. Be3 Bxa1 19. Qxa1+ Kg8 20. f5 Rf8 21. fxg6
hxg6 22. Bc5 f5 23. Bd3 Re8 24. Qe5 Qb8 25. Bd4 Qxe5 26. Bxe5 Rac8 27. Rf4 c5
28. Rh4 c4 29. Rh8+ Kf7 30. Be2 Rxh8 31. Bxh8 Rxh8 32. c3 Rd8 33. h3 Bc6 34. g4
f4 35. Kf2 f3 36. Bxf3 Bxf3 37. Kxf3 Rd3+ 38. Ke4 e6 39. g5 Rxh3 40. Kd4 Rd3+
41. Kc5 Rxc3 42. Kb6 Rb3 43. Kxa6 Rxb4 44. Kb6 c3 45. a6 c2 46. a7 Ra4 47. Kb7
c1=Q 48. a8=Q Qh1+ 49. Kb8 Qxa8+ 50. Kc7 Rc4+ 51. Kb6 Qb8+ 52. Ka5 Ra4# 0-1

[Event "I am Reality!"]
[Site "http://www.queenalice.com/game.php?id=1828126"]
[Date "2023.12.29"]
[Round "-"]
[White "mdfran72"]
[Black "AntoniusBlock"]
[Result "1-0"]
[WhiteElo "1656"]
[BlackElo "1398"]

1. d4 d5 2. f4 f5 3. Nf3 Nf6 4. Nc3 Be6 5. Ne5 Ne4 6. Nxe4 fxe4 7. e3 Nc6 8.
Nxc6 bxc6 9. Ba6 Bc8 10. Qe2 e6 11. Bd2 Rb8 12. b3 Bb4 13. c3 Ba3 14. Bc1 Qe7
15. O-O Bd6 16. Bxc8 Rxc8 17. Qa6 O-O 18. Qxc6 Rb8 19. Qa6 Rb6 20. Qxa7 Rfb8 21.
b4 R6b7 22. Qa3 c6 23. Qb2 Rf8 24. g3 Qf6 25. a4 Qh6 26. a5 Rf5 27. h4 Qh5 28.
a6 Ra7 29. Qd2 Qg4 30. Kg2 Bb8 31. Qf2 h5 32. Bd2 g5 33. Rh1 Bd6 34. Ra5 gxf4
35. exf4 Rg7 36. Rh3 Bc7 37. a7 Rf8 38. a8=Q Rxa8 39. Rxa8+ Kf7 40. Ra6 Kg8 41.
Rxc6 Qd1 42. Rxe6 Qc2 43. Rh1 Qd3 44. Rh3 Rg4 45. Kh2 Kf7 46. Rc6 Bd8 47. Rd6 e3
48. Qxe3 Qf5 49. Rxd8 Qe4 50. Qxe4 dxe4 51. Be3 Ke7 52. Rh8 Kf6 53. Rxh5 Kg6 54.
Re5 Kf6 55. Rxe4 Kf5 56. Re5+ Kf6 57. h5 Rg7 58. h6 Rh7 59. Rhh5 Kg6 60. Reg5+
Kf6 61. f5 Rxh6 62. Rxh6+ Kf7 63. f6 Kf8 64. Rg7 Ke8 65. Rh8# 1-0

[Event "Why, what, you gonna snake him??"]
[Site "http://www.queenalice.com/game.php?id=1830051"]
[Date "2024.1.25"]
[Round "-"]
[White "AntoniusBlock"]
[Black "mdfran72"]
[Result "0-1"]
[WhiteElo "1392"]
[BlackElo "1660"]

1. d4 d5 2. b3 c6 3. c4 e6 4. e3 b5 5. b4 bxc4 6. Nc3 Bd7 7. Nf3 Bxb4 8. Bb2 Na6
9. a3 Bd6 10. Ne5 Bxe5 11. dxe5 f5 12. exf6 Nxf6 13. Be2 Nc5 14. Na4 Nb3 15. Ra2
O-O 16. Bd4 Ne4 17. Nc5 Nbxc5 18. Bxc5 Nxc5 19. O-O Ne4 20. Bf3 Nc3 21. Qa1 Nxa2
22. Qxa2 a5 23. a4 Rb8 24. e4 Rb3 25. exd5 cxd5 26. Bd1 Rb4 27. Re1 Qe8 28. Re3
Bxa4 29. Rg3 Bxd1 30. Qa1 g6 31. h4 Ba4 32. h5 Qf7 33. Rh3 Qxf2+ 34. Kh2 Qb2 35.
Qe1 Qf6 36. Qg3 Be8 37. hxg6 hxg6 38. Rh6 Kg7 39. Qh3 Kg8 40. Qg4 Rb3 41. g3
Rb2+ 42. Kh3 Qf5 43. Kh4 Qxg4+ 44. Kxg4 Kg7 45. Kg5 Rf5+ 46. Kg4 Kxh6 47. Kh3
Rh5+ 48. Kg4 Rg5+ 49. Kh4 Rh2# 0-1

[Event "AUTO-INT-3851"]
[Site "http://www.queenalice.com/game.php?id=1830751"]
[Date "2024.2.3"]
[Round "2"]
[White "bdpq"]
[Black "mdfran72"]
[Result "1-0"]
[WhiteElo "1628"]
[BlackElo "1638"]

1. e4 e5 2. d4 exd4 3. Bf4 c5 4. Nd2 Nc6 5. Qf3 d6 6. O-O-O Ne5 7. Qg3 f6 8.
Bxe5 dxe5 9. Nc4 Ne7 10. Qa3 Nc6 11. g3 b5 12. Nd2 b4 13. Qa4 Bb7 14. Bb5 Qd7
15. Nc4 Be7 16. Na5 O-O 17. Nxb7 Qxb7 18. Bxc6 Qb6 19. Bxa8 Rxa8 20. Qd7 Qd8 21.
Qxd8+ Bxd8 22. Ne2 a5 23. b3 g5 24. f3 a4 25. h4 h6 26. hxg5 hxg5 27. Rh2 Kg7
28. Rdh1 Kf7 29. f4 Ke6 30. Kb1 a3 31. f5+ Kd6 32. Rh7 Rc8 33. Rf7 Rc7 34. Rxc7
Bxc7 35. Rh8 Bb6 36. Re8 Kd7 37. Re6 Bd8 38. g4 Kc7 39. Nc1 Kd7 40. Nd3 Be7 41.
Nxc5+ Bxc5 42. Rxf6 Be7 43. Ra6 Bd6 44. Ra8 Ke7 45. Rh8 Kf7 46. Rh1 Be7 47. Kc1
Bf6 48. Rh7+ Kf8 49. Rc7 Be7 50. Kd2 Bf6 51. Rh7 Ke8 52. Kd3 Kf8 53. Rb7 Be7 54.
Rc7 Kf7 55. Kc4 Kf6 56. Kd5 Bf8 57. Rc6+ Kg7 58. Kxe5 Be7 59. Kxd4 Kf7 60. c4
Bf6+ 61. e5 Be7 62. c5 Ke8 63. Rb6 Bd8 64. Rxb4 Kd7 65. Kd5 Ba5 66. Ra4 Bd2 67.
Rxa3 Bf4 68. e6+ Ke7 69. Ra7+ Ke8 70. e7 Bc1 71. Ke6 Bf4 72. Ra8+ Bb8 73. Rxb8#
1-0

[Event "AUTO-INT-3851"]
[Site "http://www.queenalice.com/game.php?id=1830752"]
[Date "2024.2.3"]
[Round "2"]
[White "mdfran72"]
[Black "bdpq"]
[Result "1/2-1/2"]
[WhiteElo "1665"]
[BlackElo "1637"]

1. d4 d5 2. Nc3 e6 3. f4 Bb4 4. Bd2 Nf6 5. a3 Bd6 6. Nf3 Ne4 7. e3 Nxc3 8. Bxc3
O-O 9. Bd3 g6 10. O-O Nc6 11. Ne5 Nxe5 12. dxe5 Bc5 13. Bd4 Be7 14. c4 dxc4 15.
Bxc4 Bd7 16. g4 Bc6 17. b4 b5 18. Be2 Qd5 19. Bf3 Qd7 20. g5 Bxf3 21. Qxf3 c6
22. Rac1 a5 23. Qxc6 Qxc6 24. Rxc6 axb4 25. axb4 Bxb4 26. Rb1 Ra4 27. Rb6 Rc8
28. Rxb5 Bd2 29. Rb8 Rc4 30. Rxc8+ Rxc8 31. Rb2 Bc1 32. Re2 Ba3 33. Kf2 Rc1 34.
Kg2 Kg7 35. Bb2 Bxb2 36. Rxb2 h6 37. h4 hxg5 38. hxg5 Re1 39. Kf2 Rh1 40. Kg2
Rh8 41. Kg3 Rf8 42. Rh2 Rc8 43. Re2 Rc3 44. Kg4 Rc1 45. e4 Rg1+ 46. Kf3 Ra1 47.
Rf2 Ra3+ 48. Kg4 Re3 49. Rf3 Rxe4 50. Kg3 Ra4 51. Kg4 Ra6 1/2-1/2

[Event "AUTO-INT-3851"]
[Site "http://www.queenalice.com/game.php?id=1830755"]
[Date "2024.2.3"]
[Round "2"]
[White "Erlofabr"]
[Black "mdfran72"]
[Result "1-0"]
[WhiteElo "1666"]
[BlackElo "1647"]

1. f4 g6 2. e4 Bg7 3. c3 Nh6 4. Bc4 e6 5. Qf3 O-O 6. d4 c6 7. d5 exd5 8. exd5
Qe7+ 9. Ne2 d6 10. dxc6 Nxc6 11. f5 Nxf5 12. O-O Na5 13. Bd5 Nh4 14. Qg3 g5 15.
Bxg5 Qxe2 16. Qxh4 Qxb2 17. Bf6 Bxf6 18. Rxf6 Be6 19. Qg5+ Kh8 20. Be4 Rg8 21.
Bg6 hxg6 22. Qh6# 1-0

[Event "AUTO-INT-3851"]
[Site "http://www.queenalice.com/game.php?id=1830756"]
[Date "2024.2.3"]
[Round "2"]
[White "mdfran72"]
[Black "Erlofabr"]
[Result "0-1"]
[WhiteElo "1664"]
[BlackElo "1649"]

1. e4 e5 2. d4 d5 3. f3 f5 4. Nc3 fxe4 5. fxe4 Bb4 6. dxe5 d4 7. Bd2 dxc3 8.
Bxc3 Qh4+ 9. g3 Qxe4+ 10. Ne2 Bxc3+ 11. bxc3 Qxh1 12. h4 Nc6 13. c4 Bh3 14. Kf2
Nxe5 15. Ng1 Qh2+ 16. Ke3 Qxg3+ 17. Kd4 Rd8+ 18. Ke4 Nf6# 0-1

[Event "AUTO-INT-3851"]
[Site "http://www.queenalice.com/game.php?id=1830759"]
[Date "2024.2.3"]
[Round "2"]
[White "mdfran72"]
[Black "JailtonMaster"]
[Result "0-1"]
[WhiteElo "1633"]
[BlackElo "2057"]

1. d4 d5 2. Nc3 Nf6 3. f3 e6 4. e4 Bb4 5. e5 Nh5 6. a3 Bxc3+ 7. bxc3 Qh4+ 8. g3
Nxg3 9. Bg2 Nxh1+ 10. Kd2 Qf2+ 11. Qe2 Qxg1 12. Bb2 Qxh2 13. Bxh1 Qxe2+ 14. Kxe2
c5 15. f4 Nc6 16. dxc5 b6 17. cxb6 Ba6+ 18. Kd2 axb6 19. Bf3 Na5 20. Kc1 Nc4 21.
Bd1 h5 22. Kb1 h4 23. Ka2 Nd2 24. Bc1 Nc4 25. Bf3 Bb7 26. Bg4 h3 27. f5 d4 28.
cxd4 h2 29. Bf4 h1=Q 30. Rxh1 Rxh1 31. Be2 Bd5 32. Bd3 Nxe5+ 33. Kb2 Nxd3+ 34.
Kc3 Nxf4 35. Kb4 Ne2 36. a4 Rb1+ 37. Ka3 Nc3 38. a5 Rxa5# 0-1

[Event "AUTO-INT-3851"]
[Site "http://www.queenalice.com/game.php?id=1830760"]
[Date "2024.2.3"]
[Round "2"]
[White "JailtonMaster"]
[Black "mdfran72"]
[Result "1-0"]
[WhiteElo "2023"]
[BlackElo "1622"]

1. e4 e5 2. Nf3 d6 3. d4 f6 4. Bc4 Ne7 5. dxe5 fxe5 6. Nxe5 dxe5 7. Bf7+ Kxf7 8.
Qxd8 Nbc6 9. Qxc7 Be6 10. Qxb7 Rc8 11. Nc3 Rb8 12. Qa6 g6 13. Nd5 Bg7 14. f4
exf4 15. Nxe7 Nxe7 16. Bxf4 Ra8 17. Rf1 Bxb2 18. Be5+ Kg8 19. Qxe6# 1-0

[Event "overthere cmere secrat"]
[Site "http://www.queenalice.com/game.php?id=1831241"]
[Date "2024.2.10"]
[Round "-"]
[White "mdfran72"]
[Black "AntoniusBlock"]
[Result "1-0"]
[WhiteElo "1632"]
[BlackElo "1387"]

1. d4 d5 2. e3 Nh6 3. c4 c6 4. c5 b6 5. b4 b5 6. Nc3 Ba6 7. e4 e6 8. e5 Be7 9.
Bxh6 gxh6 10. Qg4 Nd7 11. Qg7 Rf8 12. Qxh7 Bg5 13. Nh3 f6 14. Nxg5 fxg5 15. Qxh6
Qe7 16. Qg6+ Kd8 17. a4 bxa4 18. Bxa6 Nb8 19. Rxa4 Qe8 20. Qxg5+ Kc7 21. b5 Rf5
22. Qe3 Nd7 23. O-O Qg6 24. g3 Rh8 25. h4 Rhh5 26. f4 Qg4 27. b6+ axb6 28. Be2
Qh3 29. Bxh5 Rxh5 30. Qf3 bxc5 31. Qg2 Qxg2+ 32. Kxg2 Nb6 33. Ra7+ Kb8 34. Rfa1
cxd4 35. Nd1 Nc8 36. R7a3 Rh7 37. Rb1+ Kc7 38. Nf2 Kd8 39. Rc1 Rb7 40. Rxc6 Kd7
41. Rca6 Nb6 42. Nd3 Nc4 43. Nc5+ Kc7 44. Nxb7 Kxb7 45. Ra7+ Kb6 46. R3a6+ Kb5
47. Ra1 Ne3+ 48. Kf3 Nc2 49. Rb1+ Nb4 50. Rb7+ Kc4 51. R7xb4+ Kd3 52. R4b3+ Kd2
53. Ra3 d3 54. Rbb3 Kc2 55. Rxd3 Kb2 56. Ke3 d4+ 57. Kxd4 Kc2 58. Kc4 Kb2 59.
Rac3 Ka2 60. Kb4 Kb2 61. Rf3 Ka2 62. Rf2+ Kb1 63. Kb3 Ka1 64. Rf1# 1-0

[Event "What’s next,Rocky in space?"]
[Site "http://www.queenalice.com/game.php?id=1832608"]
[Date "2024.3.1"]
[Round "-"]
[White "AntoniusBlock"]
[Black "mdfran72"]
[Result "0-1"]
[WhiteElo "1411"]
[BlackElo "1620"]

1. d4 d5 2. g3 Nc6 3. Bg2 e6 4. Nf3 Nge7 5. Ne5 f6 6. Nxc6 Nxc6 7. Nc3 Bb4 8.
Qd2 Bxc3 9. Qxc3 e5 10. Be3 e4 11. f3 f5 12. fxe4 fxe4 13. O-O g6 14. Rf2 Bf5
15. Bh6 Qd6 16. Raf1 O-O-O 17. Bg7 Rhg8 18. Be5 Qd7 19. b4 b5 20. Qc5 a6 21. Rf4
Rgf8 22. h3 Rf7 23. g4 Ne7 24. Qa7 Qc6 25. Rc1 Be6 26. Bf6 Rd7 27. g5 Nf5 28.
Be5 Ng3 29. Rxf7 Rxf7 30. Bf6 Nxe2+ 31. Kf2 Nxc1 32. Ke3 Nxa2 33. c4 bxc4 34. b5
Qb6 35. Qa8+ Qb8 36. Qxa6+ Qb7 37. Qxe6+ Kb8 38. Qxf7 Qxb5 39. Qxh7 c3 40. Be5
Qc6 41. Qh8+ Kb7 42. Qh4 c2 43. Bf3 c1=Q+ 44. Ke2 Q6c2# 0-1

[Event "Jackmerius Taktheratrix"]
[Site "http://www.queenalice.com/game.php?id=1834345"]
[Date "2024.3.29"]
[Round "-"]
[White "mdfran72"]
[Black "AntoniusBlock"]
[Result "1-0"]
[WhiteElo "1628"]
[BlackElo "1403"]

1. d4 Nf6 2. c3 d5 3. Nd2 Nc6 4. f4 Bf5 5. Ngf3 Qd6 6. e3 O-O-O 7. c4 e6 8. c5
Qd7 9. Ne5 Nxe5 10. fxe5 Ne4 11. a4 Nxd2 12. Bxd2 c6 13. a5 a6 14. Be2 g6 15. g4
Be4 16. Bf3 Be7 17. O-O Bd3 18. Be2 Be4 19. Be1 h5 20. Rxf7 Rhf8 21. Rxf8 Bxf8
22. gxh5 Bh6 23. Qd2 Rf8 24. Bg3 gxh5 25. Bxh5 Rf5 26. Bg6 Rf3 27. Bf4 Bxg6 28.
Bxh6 Qh7 29. Bf4 Qh3 30. Qg2 Qxg2+ 31. Kxg2 Bh5 32. Rf1 Rxf1 33. Kxf1 Bg4 34.
Kf2 Bh5 35. h4 Bg4 36. Kg3 Bh5 37. Bh6 Bg4 38. Kxg4 Kd8 39. Kg5 Ke7 40. Kg6 Ke8
41. h5 Ke7 42. Bg5+ Kf8 43. h6 Kg8 44. h7+ Kh8 45. Bf6# 1-0

[Event "Challenge"]
[Site "http://www.queenalice.com/game.php?id=1834634"]
[Date "2024.4.5"]
[Round "-"]
[White "josebaron"]
[Black "mdfran72"]
[Result "1-0"]
[WhiteElo "2211"]
[BlackElo "1635"]

1. e4 g6 2. Nf3 Bg7 3. d4 Nh6 4. Nc3 O-O 5. Bc4 e6 6. O-O d6 7. e5 d5 8. Bd3 Nc6
9. a3 Nf5 10. Bxf5 gxf5 11. Re1 f6 12. exf6 Bxf6 13. Ne5 Nxe5 14. dxe5 Bg7 15.
Bf4 a6 16. a4 c5 17. a5 d4 18. Ne2 b5 19. axb6 Qxb6 20. b3 Bb7 21. Qd3 Qc6 22.
f3 h6 23. Bg3 a5 24. c4 Qc7 25. Nf4 Kf7 26. Qd2 Bxe5 27. Nxe6 Kxe6 28. Rxe5+
Qxe5 29. Bxe5 Kxe5 30. Re1+ Kd6 31. Qxh6+ Kd7 32. Qg7+ Kd6 33. Qe7+ Kc6 34. Re6#
1-0